Cl̀culos trabalhistas passo a passo

Detalles Bibliográficos
Autor principal: Canuto, Raimundo
Formato: Libro
Lenguaje:portugués
Publicado: Brasil Editora Mundo Jurd̕ico 2014
Materias:
Acceso en línea:Acceso restringido

MARC

LEADER 00000nam a22000007a 4500
005 20160223120018.0
007 cr|||| ||u|
008 160223s2014 bl ||||| |||| 00||0 por d
020 |a 978-85-8085-061-1  
035 |a 13056 
040 |a vLex 
090 |c 5890  |d 5890 
100 1 |a Canuto, Raimundo 
245 1 0 |a Cl̀culos trabalhistas passo a passo  |h [Recurso electrn̤ico] /  |c Raimundo Canuto  
256 |a Servicio en ln̕ea  
260 |a Brasil  |b Editora Mundo Jurd̕ico  |c 2014 
300 |a 1 recurso electrn̤ico (Primera Edicin̤. 604 Pg̀inas) 
506 1 |a Contenido solo disponible en los productos indicados  |d vLex Global  |d vLex Global (Academic Edition, excluding Law Schools)  |d vLex Global (U.S. Academic Edition, Law Schools)  |d vLex Global (U.S. Academic Edition, excluding Law Schools)  |d vLex Global (Academic Edition, Law Schools) 
650 0 4 |a Derecho  |z Brasil 
740 0 |a vLex libros (servicio en ln̕ea)  
856 4 0 |u http://vlex.com/source/calculos-trabalhistas-passo-passo-13056  |z Acceso restringido 
942 |c BOOK 
999 0 |a Law